Italian: To... - Statistics

General Stats
  • This quiz has been taken 16 times
  • The average score is 8 of 10
Answer Stats
Hint Answer % Correct
To love amare
100%
To speak parlare
100%
To go andare
94%
To dance ballare
94%
To sleep dormire
94%
To eat mangiare
94%
To drink bere
75%
To walk camminare
69%
To laugh ridere
56%
To exercise esercitare
19%
No matching quizzes found
Score Distribution
Percent of People with Each Score
Percentile by Number Answered
Your Score History
You have not taken this quiz